000 00608nam a22002057a 4500
003 OSt
005 20150408114216.0
008 140511s2014 nyu f a 001 0 eng d
020 _a9781259060823
040 _aMa-Un
082 0 0 _222
_a611
_bSKH
100 1 _aSaladin, Kenneth S.
_944677
245 1 0 _aHuman anatomy /
_cKenneth S. Saladin.
250 _a4th international student edition.
260 _aNew York :
_bMcGraw-Hill,
_c2014
_m[1435].
300 _axix, 736, [51] p. :
_bill. (some col.) ;
_c28 cm.
500 _aIncludes index.
650 _aHuman anatomy
_vTextbooks
_910728
942 _2ddc
_cBOOK
999 _c34892
_d269392